[Event "18th Delhi GM Open 2020"]
[Site "Delhi"]
[Date "2020.01.14"]
[Round "8.12"]
[White "Khusenkhojaev, Muhammad"]
[Black "Pantsulaia, Levan"]
[Result "0-1"]
[WhiteElo "2420"]
[BlackElo "2598"]
[Annotator "TA"]
[PlyCount "58"]
[EventDate "2020.01.09"]
[EventType "swiss"]
[EventCountry "IND"]
[SourceTitle "playchess.com"]
[Source "ChessBase"]
[SourceQuality "1"]

{[%evp 13,80,0,12,0,0,0,1,0,0,0,15,8,14,0,8,8,16,13,15,3,19,10,14,18,12,24,18,0,32,-8,0,-15,0,0,0,0,0,0,0,-27,-23,-33,-35,-67,-54,-29,0,0,0,0,0,-297,-174,-441,-411,-464,-475,-480,-464,-811,-819,-762,-745,-2235,-2142,-29976,-29973,-29980,-4826]} 1. Nf3 Nf6 2. c4 e6 3. g3 a6 4. Bg2 b5 5. b3 c5 6. O-O Bb7 7. Bb2 Be7 8. Na3 {A13: English Opening: 1...e6} (8. Qc2 d6 9. Nc3 Qa5 10. cxb5 axb5 11. a4 b4 12. Nb5 Nbd7 13. d4 O-O 14. dxc5 Be4 15. Qd2 Nxc5 16. Qe3 Nd5 17. Qd2 Nxb3 18. Qd1 Nxa1 19. Bxa1 Qxa4 20. Qd4 Bf6 21. Qxe4 Qxb5 {0-1 (21) Frolyanov,D (2517)-Paichadze,L (2583) chess.com INT 2019}) 8... Qa5 9. d3 O-O 10. Qd2 {The position is equal.} Qb6 11. d4 Ne4 12. Qd3 $146 ({Predecessor:} 12. Qf4 f5 13. Rad1 cxd4 14. Nxd4 Qa5 15. Qc1 Rc8 16. Ndc2 b4 {0-1 (27) Tagliagambe,S (2067)-Efimov,I (2459) Livorno 2004}) 12... d5 13. cxd5 exd5 14. dxc5 Bxc5 {[%cal Re4f2]} 15. e3 Nd7 16. Nc2 Rfe8 17. Ncd4 Bf8 18. Rfc1 Ndc5 19. Qd1 a5 {[%cal Ba6a5,Ba5a4,Ba4a3][%mdl 32]} 20. Ne1 a4 21. Rab1 b4 22. Nd3 a3 23. Ba1 Nxd3 24. Qxd3 Ba6 25. Qd1 $1 Rac8 26. Rxc8 Rxc8 27. Rc1 Qf6 28. Rc2 Rxc2 29. Qxc2 {[#]} h5 {Played: Ba6-d3} 0-1

[Event "18th Delhi GM Open 2020"]
[Site "Delhi"]
[Date "2020.01.14"]
[Round "8.13"]
[White "Karthikeyan, P.."]
[Black "Mchedlishvili, Mikheil"]
[Result "0-1"]
[WhiteElo "2416"]
[BlackElo "2578"]
[Annotator "TA"]
[PlyCount "90"]
[EventDate "2020.01.09"]
[EventType "swiss"]
[EventCountry "IND"]
[SourceTitle "playchess.com"]
[Source "ChessBase"]
[SourceQuality "1"]

{[%evp 16,90,53,33,30,38,41,41,49,19,33,11,20,7,13,14,33,22,17,9,16,0,0,-21,-25,-19,-22,-22,1,-3,0,0,22,0,34,-33,-33,-44,-44,-34,-39,-46,-39,-29,-41,-29,-19,-42,-57,-139,-52,-253,-191,-409,-397,-2321,-2299,-2183,-2081,-29982,-29983,-29983,-29984,-29988,-870,-860,-856,-828,-800,-780,-752,-740,-683,-926,-902,-858,-835]} 1. d4 Nf6 2. c4 e6 3. Nf3 c5 4. d5 d6 5. Nc3 exd5 6. cxd5 g6 7. Bf4 a6 8. a4 Bg7 9. e3 O-O {A61: Modern Benoni: Nf3 without early e4} 10. Be2 Bg4 11. O-O Qe7 {White is slightly better.} 12. Qb3 Nbd7 13. Rfe1 $146 ({Predecessor:} 13. Qxb7 Rfb8 14. Qc6 Ne8 15. a5 Nf8 16. Ra4 Bd7 17. Re4 Qd8 18. Rxe8 Bxe8 19. Qxd6 Qxd6 20. Bxd6 Rxb2 21. Ne5 Rc2 {0-1 (21) Bernadskiy,V (2462)-Fier,A (2603) Prague 2012}) 13... Rab8 14. h3 Bxf3 $1 15. Bxf3 Ne5 16. Be2 Nfd7 17. Bg3 Rfc8 18. Qa3 {f4 is the strong threat.} c4 19. Ne4 Nc5 20. Nxc5 Rxc5 21. e4 g5 22. b4 Rc7 23. b5 Rc5 24. Rac1 Rbc8 25. Qb4 (25. bxa6 $1 $14 bxa6 26. f3) 25... axb5 $15 26. axb5 c3 27. Rc2 b6 28. f3 Ng6 29. Bf2 Be5 30. Ra1 Qf6 31. Ra6 Rb8 32. Be3 {[#]} (32. Ra4 $15) 32... h5 ({Better is} 32... Nf4 $1 $17 33. Qa4 (33. Bxc5 dxc5 34. Qb1 Nh5 $17) 33... g4 34. fxg4 Qh4) 33. Bf1 $2 {[#]} (33. Ra4 $1 $15) 33... g4 $1 $19 {[%mdl 512]} 34. f4 $2 (34. fxg4 hxg4 35. Ra1 (35. Rf2 $2 Qh4 $19)) 34... Nxf4 35. g3 $2 (35. Qb1 gxh3 36. Ra1) 35... Nxh3+ 36. Bxh3 gxh3 37. Bxc5 bxc5 38. Qc4 Qf3 39. Qe2 Qxe2 (39... h2+ $142 40. Qxh2 Qd1+ 41. Kg2 Qxc2+ {[%mdl 64] Double Attack} 42. Kh3 Qxh2+ 43. Kxh2 c2 44. Kh1 c1=Q+ 45. Kg2 Qd2+ 46. Kf3 Rxb5 47. Ra8+ Kg7 48. Rb8 Rxb8 49. g4 Rb3#) 40. Rxe2 {Black is clearly winning.} Rxb5 {KRR-KRB} 41. Kh2 h4 42. Kxh3 hxg3 43. Raa2 Kg7 44. Kg4 Kg6 45. Rec2 Rb4 {Accuracy: White = 25%, Black = 69%.} 0-1

[Event "18th Delhi GM Open 2020"]
[Site "Delhi"]
[Date "2020.01.14"]
[Round "8.14"]
[White "Audi Ameya"]
[Black "Bogdanovich, Stanislav"]
[Result "1-0"]
[WhiteElo "2359"]
[BlackElo "2562"]
[Annotator "TA"]
[PlyCount "86"]
[EventDate "2020.01.09"]
[EventType "swiss"]
[EventCountry "IND"]
[SourceTitle "playchess.com"]
[Source "ChessBase"]
[SourceQuality "1"]

{[%evp 13,86,23,38,14,5,12,13,8,12,6,8,13,17,22,31,0,31,0,0,0,46,35,35,37,72,34,182,181,187,176,178,175,177,180,302,330,308,311,312,291,296,143,167,168,165,150,173,164,139,157,196,127,110,126,135,17,22,-35,-34,-28,-8,-13,-14,-72,0,0,49,41,46,46,168,67,79,65,72]} 1. e4 e5 2. Nf3 d6 3. d4 exd4 4. Nxd4 Nf6 5. Nc3 Be7 6. Bc4 O-O 7. O-O c6 8. Bb3 {C41: Philidor Defence} (8. a4 Re8 9. Re1 Bf8 10. Bf1 a5 11. h3 Nbd7 12. g3 Nc5 13. Bg2 Qb6 14. b3 h6 15. g4 Bd7 16. Be3 {½-½ (46) Abdumalik,Z (2463)-Nisipeanu,L (2680) Budapest 2019}) 8... Na6 9. h3 Nc5 10. Qf3 {The position is equal.} a5 11. Rd1 Nfd7 $146 ({Predecessor:} 11... Qc7 12. Bf4 a4 13. Bc4 b5 14. Bd3 Bd7 15. Bh2 Qb6 {½-½ (51) Friedel,J (2498)-Zivanic,M (2465) ICC INT 2008}) 12. Bf4 {Threatens to win with Nf5.} Qc7 13. a4 $36 {[%mdl 2048] White has some pressure.} Ne5 14. Qg3 Bf6 15. Ba2 Qe7 16. Re1 Rd8 17. Rad1 Re8 18. Re2 Bd7 19. Bc1 {And now f4 would win.} Rad8 (19... Bh4 $14 20. Qh2 Qf8) 20. f4 $18 Bh4 21. Qh2 $1 Ng6 22. Nf5 Bxf5 23. exf5 {[%mdl 64] Discovered Attack} Qxe2 (23... Qd7 {keeps fighting.}) 24. Nxe2 Rxe2 25. fxg6 hxg6 26. f5 g5 {intending ...Ne4.} 27. g3 (27. Bc4 $18 {and White stays clearly on top.} Rxc2 28. Be3) 27... Rde8 $16 28. gxh4 Rxh2 29. Kxh2 Re2+ 30. Kg3 $1 gxh4+ 31. Kxh4 Rxc2 32. Kh5 (32. Rg1 $18) 32... d5 33. Bb1 Rg2 {[#]} 34. Re1 ({Better is} 34. f6 $1 $16) 34... f6 $1 $11 35. Bf4 (35. Be3 $11 Nxa4 36. b3) 35... Rxb2 $15 36. Rg1 Kf7 37. Bd6 Nxa4 {White must now prevent ...Nb6.} 38. Re1 $1 Nc3 (38... b6 $17 39. h4 Kg8) 39. Bd3 $11 Rd2 40. Re7+ {[%mdl 64] Double Attack} Kg8 {aiming for ...Kh7.} 41. Rxb7 {Hoping for Bf1.} Rg2 {[#]} ({Not} 41... Rxd3 $2 42. Kg6 $18) (41... Kh7 $1 $14 42. Ba6 Ne4) 42. Ra7 (42. h4 $1 $18) 42... a4 $14 43. Ra8+ Kh7 {Accuracy: White = 49%, Black = 52%.} 1-0

[Event "18th Delhi GM Open 2020"]
[Site "Delhi"]
[Date "2020.01.14"]
[Round "8.15"]
[White "David, Alberto"]
[Black "Sammed Jaykumar, Shete"]
[Result "1-0"]
[WhiteElo "2562"]
[BlackElo "2398"]
[Annotator "TA"]
[PlyCount "62"]
[EventDate "2020.01.09"]
[EventType "swiss"]
[EventCountry "IND"]
[SourceTitle "playchess.com"]
[Source "ChessBase"]
[SourceQuality "1"]

{[%evp 9,62,23,33,32,13,0,14,0,-2,0,0,0,0,0,0,0,0,0,0,0,10,-18,0,-9,2,0,14,6,18,16,24,27,27,22,18,25,23,12,20,8,19,0,0,-30,-17,-17,0,0,0,0,0,0,0,0,13]} 1. Nf3 d5 2. g3 g6 3. Bg2 Bg7 4. d4 Nd7 5. O-O Ngf6 6. c4 {D02: 1 d4 d5 2 Nf3 sidelines, including 2...Nf6 3 g3 and 2...Nf6 3 Bf4} dxc4 7. Na3 Nb6 {[#]} 8. Nxc4 $1 {[%mdl 576] Decoy} Nxc4 9. Qa4+ {[%mdl 64] Double Attack} c6 10. Qxc4 Be6 11. Qb4 Qb6 12. Qa3 Bd5 $146 13. e3 a5 14. Rd1 Qc7 15. Bd2 O-O 16. Rac1 Rfe8 17. Be1 h5 18. Ne5 Bxg2 19. Kxg2 e6 20. Nc4 Bf8 21. Qd3 ({Of course not} 21. Bxa5 Qb8 $17) 21... a4 22. e4 Nd7 23. Qf3 b5 24. Ne3 Rac8 25. a3 c5 26. d5 Bg7 27. Bc3 {The position is equal.} Bxc3 28. Rxc3 Qe5 29. dxe6 Qxe6 30. Qf4 {[#] Threatens to win with Rd6.} Ne5 31. Nd5 {And now Nf6+ would win.} Rc6 {[%mdl 32768] Accuracy: White = 62%, Black = 67%. . Loss on time!?} 1-0

[Event "18th Delhi GM Open 2020"]
[Site "Delhi"]
[Date "2020.01.14"]
[Round "8.16"]
[White "Rathnakaran, K.."]
[Black "Gholami, Aryan"]
[Result "1-0"]
[WhiteElo "2329"]
[BlackElo "2541"]
[Annotator "TA"]
[PlyCount "133"]
[EventDate "2020.01.09"]
[EventType "swiss"]
[EventCountry "IND"]
[SourceTitle "playchess.com"]
[Source "ChessBase"]
[SourceQuality "1"]

{[%evp 16,133,27,0,36,-5,13,0,20,26,35,39,22,12,31,18,14,0,0,0,0,1,43,33,48,0,0,0,0,-22,-18,-14,0,0,0,0,0,0,6,0,17,0,148,124,119,100,192,195,188,185,190,175,172,170,181,171,198,202,276,218,397,383,364,280,410,399,463,461,454,456,407,366,366,369,367,358,355,313,487,468,521,315,521,510,456,440,622,592,1809,1798,1804,1804,29968,29957,29957,29958,29959,29956,29936,0,29949,29951,29939,29947,12842,12834,6186,5673,29974,29975,29980,29981,29981,29982,29982,29983,29983,29984,29985,29986]} 1. e4 c5 2. Nf3 e6 3. d3 Nc6 4. g3 g6 5. Bg2 Bg7 6. O-O Nge7 7. Re1 d6 8. c3 O-O 9. Be3 b5 {A04: Unusual lines after 1 Nf3 and King's Indian Attack} (9... h6 10. Na3 Kh7 11. d4 b6 12. dxc5 dxc5 13. Qe2 Qc7 14. Nb5 Qb8 15. e5 Ba6 16. a4 Nd5 17. Bc1 {1-0 (34) Shoker,S (2482)-Argiroudis,S (2306) Rio Achaea 2018}) 10. Qc1 $146 ({Predecessor:} 10. d4 cxd4 11. Nxd4 Rb8 12. Qd2 Ne5 13. Na3 Bd7 14. Bh6 Qb6 15. Bxg7 Kxg7 16. Rad1 {1-0 (37) Radovic,L (2290)-Dimitrijevic,D (2115) Paracin 2015}) 10... a5 11. Bh6 Bb7 {The position is equal.} 12. h4 Ne5 13. Nxe5 dxe5 14. Bxg7 Kxg7 15. Qe3 Qd6 16. Nd2 a4 17. Nf3 a3 18. Rab1 Rfd8 19. bxa3 Bc6 20. h5 gxh5 21. c4 bxc4 22. dxc4 Ng6 23. Qg5 f6 24. Qxh5 Rxa3 25. Nh2 Rxa2 26. Ng4 Qe7 27. Rb6 Ba8 28. Kh2 Rad2 (28... Ra4 $11) 29. Ra1 Kh8 {[#]} 30. Qh6 $1 $36 {[%mdl 2048] Hoping for Rxa8! White is in control.} Qf8 (30... R2d7 $16) 31. Rxe6 $18 {Threatens to win with Ra7.} Rxf2 32. Qxf8+ Nxf8 33. Rea6 Rxg2+ 34. Kxg2 Bxe4+ 35. Kf2 Bf5 36. Nxf6 Rd2+ 37. Kg1 Ne6 $2 (37... Be6 38. Rc6 Rd3) 38. Rf1 (38. g4 Ng5 $16) 38... Bh3 39. Rf2 Rxf2 (39... Ng5 {is a better defense.} 40. Ra8+ Kg7 41. Ne8+ (41. Rxd2 Nf3+ 42. Kf2 Nxd2 $16) 41... Kg8 42. Rxd2 Nf3+ 43. Kf2 Nxd2 44. Nd6+ Kg7) 40. Kxf2 {[%mdl 4096] Endgame KRN-KBN} Ng5 41. Ke3 Bf1 42. Ra4 Kg7 43. Ng4 Nf7 44. Nh2 Bh3 45. Ra5 Be6 46. Rxc5 Kf6 (46... Nd6 {keeps fighting.} 47. Rc7+ (47. Rxe5 Nxc4+ {[%mdl 64] Double Attack} 48. Kf4 Nxe5 $11) 47... Kf6) 47. Nf3 h5 48. Nd2 Ke7 $2 (48... Nd6 49. Ne4+ Ke7) 49. Ra5 Kd7 50. c5 Kc6 (50... Nd8 $142 51. Ra7+ Kc6 52. Ra6+ Kd7) 51. Ra6+ Kd5 52. Ne4 Bf5 53. Rf6 Bxe4 54. Rxf7 {KR-KB} Bc2 55. Rd7+ Kc6 56. Re7 Kd5 57. Rd7+ Kc6 58. Rd2 Bf5 59. Rh2 Bg4 60. Ke4 Kxc5 61. Kxe5 Kc4 62. Rh4 {White mates.} Kd3 {[#]} 63. Rxg4 $1 {[%mdl 512]} hxg4 64. Kf4 Kd4 65. Kxg4 Ke5 66. Kg5 Kd5 67. Kf6 {Accuracy: White = 85%, Black = 35%.} 1-0

[Event "18th Delhi GM Open 2020"]
[Site "Delhi"]
[Date "2020.01.14"]
[Round "8.17"]
[White "Debashis, Das"]
[Black "Muthaiah AL"]
[Result "1-0"]
[WhiteElo "2523"]
[BlackElo "2367"]
[Annotator "TA"]
[PlyCount "65"]
[EventDate "2020.01.09"]
[EventType "swiss"]
[EventCountry "IND"]
[SourceTitle "playchess.com"]
[Source "ChessBase"]
[SourceQuality "1"]

{[%evp 22,65,19,10,25,31,39,0,15,17,27,25,25,15,135,116,134,108,113,107,135,68,59,62,547,542,1033,1033,1025,1025,1015,1000,1014,992,999,985,989,988,922,950,928,918,861,856,6295,5909]} 1. d4 Nf6 2. c4 e6 3. Nc3 d5 4. cxd5 exd5 5. Bg5 c6 6. Qc2 Be7 7. e3 Nbd7 8. Bd3 Nh5 9. Bxe7 Qxe7 10. O-O-O g6 11. Nf3 Nb6 12. h3 Be6 {D36: Queen's Gambit Declined: Exchange Variation: Main line (5 Bg5 c6 6 Qc2)} 13. Kb1 O-O-O {[#]} 14. a4 $146 ({Predecessor:} 14. Nd2 Ng7 15. g4 Kb8 16. Nb3 h5 17. f3 Bc8 18. Qf2 hxg4 19. hxg4 Ne6 20. f4 {0-1 (75) Nakamura,H (2793)-Onischuk,A (2667) Saint Louis 2017}) 14... Nc4 {The position is equal.} 15. Rhe1 Kb8 16. Bxc4 dxc4 17. a5 b5 (17... Qc7 $11) 18. axb6 $1 $16 axb6 19. Ne5 $36 {[%mdl 2048] White is really pushing.} Qc7 20. Qa4 b5 {[#]} 21. Nxb5 (21. Qb4 $1 $16) 21... cxb5 $14 22. Qxb5+ Kc8 $2 {[%mdl 8192] [#]} (22... Qb7 $14 23. Nc6+ {[%mdl 64] Double Attack} Kc8) 23. Rc1 $1 $18 {[%cal Re5c4] White is clearly winning.} Qb7 24. Rxc4+ Bxc4 25. Qxc4+ {[%mdl 64] Double Attack} Kb8 26. Nc6+ {[%mdl 64] Double Attack} Kc8 27. Na5+ Qc7 28. Qb5 Rd7 29. Rc1 Qxc1+ 30. Kxc1 Rc7+ 31. Kb1 Rd8 32. Nc6 {Threatens to win with Qb8+.} Rd6 33. Qb8+ {Accuracy: White = 80%, Black = 30%.} 1-0

[Event "18th Delhi GM Open 2020"]
[Site "Delhi"]
[Date "2020.01.14"]
[Round "8.18"]
[White "Visakh N R"]
[Black "Abdisalimov, Abdimalik"]
[Result "1-0"]
[WhiteElo "2518"]
[BlackElo "2381"]
[Annotator "TA"]
[PlyCount "75"]
[EventDate "2020.01.09"]
[EventType "swiss"]
[EventCountry "IND"]
[SourceTitle "playchess.com"]
[Source "ChessBase"]
[SourceQuality "1"]

{[%evp 9,75,74,85,46,50,62,62,64,56,51,51,47,47,44,42,25,44,35,46,15,29,0,39,24,47,32,44,41,48,48,47,47,66,31,118,120,246,250,246,250,235,239,287,286,402,435,620,638,620,636,585,604,907,779,1437,1377,2413,2101,29978,29979,29988,29989,29989,29983,29983,29984,29990,29986]} 1. d4 Nf6 2. c4 d6 3. Nc3 e5 4. Nf3 e4 5. Nd2 Qe7 (5... Bf5 6. Qc2 Bg6 7. e3 c6 8. Be2 d5 9. Qb3 Qd7 10. O-O Be7 11. f3 O-O 12. fxe4 dxe4 13. c5 Na6 {1-0 (43) Nepomniachtchi,I (2729)-Rakhmanov,A (2653) Riadh 2017}) 6. e3 {A54: Old Indian Defence with Nf3, but without e4} g6 7. Be2 h5 8. b4 {White is slightly better.} Bg7 9. a4 $146 ({Predecessor:} 9. b5 Bf5 10. h3 Nbd7 11. a4 Nf8 12. Ba3 Ne6 {½-½ (63) Cebalo,M (2453)-Dizdarevic,E (2527) Pula 1999}) 9... a5 10. b5 c5 11. bxc6 bxc6 12. Rb1 O-O 13. O-O Na6 14. Nb3 Qc7 15. Bd2 Bg4 16. Bxg4 hxg4 17. Ne2 Nb4 18. Nxa5 c5 19. Nb3 Nd3 20. dxc5 dxc5 21. a5 Ne5 (21... Rfd8 $14) 22. Qc2 $16 Nf3+ (22... Nd3 $16) 23. gxf3 $18 gxf3 {[#]} 24. Nf4 $1 {Bc3 is the strong threat.} g5 {[#]} 25. Kh1 $1 ({Much less strong is} 25. Nd5 $6 Nxd5 26. Qxe4 (26. cxd5 Qc8 $11) 26... Nf6) 25... gxf4 26. Rg1 ({Weaker is} 26. exf4 Qc8 $16) 26... Rfe8 (26... Ra6 $142 27. exf4 Re8) 27. Bc3 {And now Bxf6 would win.} Ra6 (27... Kh7 $142 28. Nd2 Ra6 29. Rxg7+ Kxg7) 28. Rg5 Kf8 29. Rbg1 Bh6 30. Rxc5 Qd7 31. Rb5 {aiming for Bb4+.} Rc8 32. Bb4+ Ke8 33. Nc5 Qc6 34. Qb2 {White mates.} fxe3 35. Qe5+ Qe6 36. Nxe6 Rxe6 37. Qg3 e2 38. Rb6 {Accuracy: White = 78%, Black = 44%.} 1-0

[Event "18th Delhi GM Open 2020"]
[Site "Delhi"]
[Date "2020.01.14"]
[Round "8.19"]
[White "Srihari L R"]
[Black "Yudin, Sergei"]
[Result "1-0"]
[WhiteElo "2302"]
[BlackElo "2508"]
[Annotator "TA"]
[PlyCount "79"]
[EventDate "2020.01.09"]
[EventType "swiss"]
[EventCountry "IND"]
[SourceTitle "playchess.com"]
[Source "ChessBase"]
[SourceQuality "1"]

{[%evp 9,79,23,25,22,39,37,42,20,26,16,22,21,36,36,48,0,17,0,13,3,24,19,17,13,206,204,213,206,564,137,150,89,88,82,89,97,152,140,140,145,197,131,143,164,167,168,159,107,126,137,233,233,233,233,233,233,233,218,191,160,158,166,531,535,531,531,530,528,452,293,600,596]} 1. d4 d5 2. c4 e6 3. Nc3 a6 4. cxd5 exd5 5. Nf3 c6 6. Bf4 {D31: Queen's Gambit Declined: Semi-Slav without ...Nf6 (+ Marshall Gambit and Noteboom) and Exchange Variation lines without ...Nf6} (6. Qb3 Nf6 7. Bg5 Be7 8. e3 Nbd7 9. Bd3 h6 10. Bh4 Ne4 11. Bxe7 Qxe7 12. Qc2 Ndf6 13. Ne5 {½-½ (30) Le,Q (2713)-Vallejo Pons,F (2704) Moscow 2019}) 6... Bd6 7. Bxd6 Qxd6 8. Qb3 {White is slightly better.} Nf6 9. e3 Nbd7 10. Bd3 $146 ({Predecessor:} 10. Rc1 O-O 11. Bd3 Re8 12. O-O Ne4 13. Bxe4 dxe4 {½-½ (43) Zhu,C (2473)-Gritsak,O (2519) Biel 2009}) 10... c5 {...c4 is the strong threat.} 11. Qa3 b6 12. e4 dxe4 13. Nxe4 Nxe4 14. Bxe4 Rb8 15. O-O $36 {[%mdl 2048] Black is under pressure.} O-O 16. Rfe1 b5 $2 (16... Rd8 $11) 17. Rac1 $1 $18 b4 18. Qd3 cxd4 $2 (18... Rb5 {is more resistant.} 19. Bxh7+ Kh8) 19. Bxh7+ $2 (19. Rc6 $1 $18 Nc5 20. Bxh7+ Kh8 21. Rxd6 Nxd3 22. Bxd3) 19... Kh8 $16 {[#] intending ...g6.} 20. Bf5 (20. Nxd4 $6 Ne5 $14) ({Better is} 20. Rc4 $1) 20... Nc5 21. Qxd4 Qxd4 22. Nxd4 Na4 {[#]} (22... Bxf5 $142 23. Rxc5 Rfe8 24. Rxe8+ Rxe8) 23. Bc2 $1 {[%cal Rc2a4]} Nxb2 24. Re4 {aiming for Nc6!} g5 (24... g6 $16) 25. Rb1 (25. h4 $18) 25... f5 26. Re7 Nc4 27. Rbe1 Nd6 28. Ne6 (28. R1e3 $142) 28... Bxe6 29. R1xe6 Rfc8 (29... Rf7 $16 {was called for.}) 30. Rh6+ $18 (30. Rxd6 $6 Rxc2 31. g4 fxg4 $14) 30... Kg8 31. Bb3+ Kf8 32. Re1 Re8 33. Rxe8+ Rxe8 {[%cal Re8e1][%mdl 4096] Endgame KRB-KRN} 34. f4 Ne4 35. fxg5 ({Don't take} 35. Rxa6 $6 Rc8 $14) 35... a5 $2 (35... Nxg5 36. Rxa6 Kg7) 36. Rh8+ Ke7 37. Rh7+ Kd6 38. g6 Rc8 {( -> ...Rc1+)} 39. g3 {Hoping for g7.} Nf6 $2 (39... a4) 40. Rf7 {Accuracy: White = 66%, Black = 30%.} 1-0

[Event "18th Delhi GM Open 2020"]
[Site "Delhi"]
[Date "2020.01.14"]
[Round "8.20"]
[White "Rohith Krishna S"]
[Black "Harsha Bharathakoti"]
[Result "0-1"]
[WhiteElo "2289"]
[BlackElo "2502"]
[Annotator "TA"]
[PlyCount "126"]
[EventDate "2020.01.09"]
[EventType "swiss"]
[EventCountry "IND"]
[SourceTitle "playchess.com"]
[Source "ChessBase"]
[SourceQuality "1"]

{[%evp 25,126,0,13,10,10,9,24,7,10,0,0,0,0,0,0,0,0,0,0,-2,0,-6,-6,-19,-11,-13,-16,-33,-28,-85,-85,-83,-87,-92,-87,-118,-96,-103,-91,-93,-85,-101,-94,-135,-118,-120,-115,-114,-120,-197,-146,-146,-141,-176,-179,-207,-207,-235,-226,-242,-242,-268,-269,-253,-234,-360,-360,-443,-459,-508,-508,-514,-500,-481,-460,-573,-573,-560,-554,-456,-406,-520,-508,-600,-591,-541,-516,-541,-491,-660,-645,-815,-641,-882,-978,-873,-868,-1210,-1279,-1331,-937,-792,-745]} 1. Nf3 d5 2. d4 Nf6 3. c4 e6 4. Nc3 c6 5. e3 Nbd7 6. Qc2 ({Predecessor:} 6. Bd3 dxc4 7. Bxc4 b5 8. Bd3 Bd6 9. O-O Bb7 10. e4 e5 11. dxe5 Nxe5 12. Nxe5 Bxe5 13. Be3 O-O 14. h3 Re8 {1-0 (34) Zabotin,A (2484)-Smirnov,A (2396) Tula 2019}) 6... Bd6 7. Be2 O-O 8. O-O dxc4 9. Bxc4 b5 10. Bd3 Bb7 11. e4 e5 12. dxe5 Nxe5 13. Nxe5 Bxe5 14. h3 {D46: Semi-Slav: 5 e3 Nbd7 6 Bd3, Black avoids the Meran} Re8 15. Be3 Qe7 $146 (15... h6 16. Rad1 Qc7 17. Ne2 c5 18. Bxb5 Bxe4 19. Qxc5 Qxc5 20. Bxc5 Reb8 21. a4 a6 {0-1 (64) Ding,L (2811)-Shankland,S (2705) chess.com INT 2019}) 16. Rae1 {White has an edge.} a6 17. f4 Bxc3 $1 18. Qxc3 Nxe4 19. Bxe4 Qxe4 20. Bd4 Qg6 21. f5 Qg5 $40 {[%mdl 128] Black mounts an attack.} 22. Qc5 (22. Bc5 {is more complex.} h6 23. f6 Rxe1 24. Rxe1 Qxf6 25. Qxf6 gxf6 26. Re7) 22... h5 (22... h6 {seems wilder.} 23. Be3 Qe7 24. Qxe7 Rxe7 25. Bc5 Ree8) 23. Be3 Qe7 24. f6 Qxc5 25. Bxc5 gxf6 26. Be7 Bc8 27. Re3 (27. Rxf6 $11 {keeps the balance.} Be6 28. Bb4) 27... f5 $17 28. Rf4 {[#] White threatens Rg3+ and mate.} f6 $1 29. Rh4 {[#]} (29. Bxf6 Rxe3) 29... Kf7 $1 30. Bc5 Rxe3 31. Bxe3 {[%mdl 4096] Endgame KRB-KRB} Kg6 32. Rd4 Be6 33. Rd6 Bd5 34. h4 Re8 35. Bd4 Re4 36. Bxf6 Kf7 37. g3 (37. Kf2 $17) 37... Re3 ({Don't take} 37... Bxa2 38. Rxc6 a5 39. Bh8 $15) ({Black should play} 37... Re6 $19 38. Rxe6 Kxe6) 38. Kf2 Rf3+ 39. Ke2 Rxg3 40. Be5 Rg4 {White must now prevent ...Re4+.} 41. Kd2 Rxh4 42. Rf6+ Ke7 {Hoping for ...Re4.} 43. Rxf5 Ke6 44. Rg5 Bxa2 45. Bc3 (45. Bc7 $142) 45... b4 $19 46. Bh8 Bd5 47. Re5+ Kd6 48. Re8 Rh2+ 49. Ke3 Rh3+ 50. Kd2 Kc5 51. Ra8 Kb5 52. Be5 Be4 53. Rb8+ Kc4 {Black is clearly winning.} 54. Ra8 Rd3+ 55. Ke2 Kb3 56. Bf6 Rd6 57. Be7 Re6 58. Bc5 h4 59. Rh8 Bd5+ 60. Kd3 Re4 61. Bf2 Kxb2 62. Bxh4 a5 63. Bf6+ Kb3 {Accuracy: White = 36%, Black = 93%.} 0-1

[Event "18th Delhi GM Open 2020"]
[Site "Delhi"]
[Date "2020.01.14"]
[Round "8.21"]
[White "Saurabh Anand"]
[Black "Vasquez Schroeder, Rodrigo"]
[Result "1-0"]
[WhiteElo "2269"]
[BlackElo "2487"]
[Annotator "TA"]
[PlyCount "74"]
[EventDate "2020.01.09"]
[EventType "swiss"]
[EventCountry "IND"]
[SourceTitle "playchess.com"]
[Source "ChessBase"]
[SourceQuality "1"]

{[%evp 13,74,0,26,26,21,20,46,36,54,52,46,52,61,45,65,67,52,58,66,48,77,64,75,56,81,81,81,88,81,81,87,103,93,82,97,101,103,0,51,28,284,282,274,269,406,332,316,233,379,279,278,277,310,308,305,274,1246,1107,1159,-29998,1107,1066,1044]} 1. e4 c5 2. Nf3 d6 3. d4 cxd4 4. Nxd4 Nf6 5. Nc3 a6 6. Be2 e5 7. Nf3 h6 8. Nd2 {B92: Sicilian Najdorf: 6 Be2} Be6 ({Predecessor:} 8... Be7 9. Nc4 Qc7 10. O-O O-O 11. a4 Be6 12. Ne3 Nbd7 13. a5 Rac8 14. Ncd5 Bxd5 15. exd5 {0-1 (33) Gonzalez Vidal,Y (2564)-Quesada Perez,L (2462) Havana 2018}) 9. Nc4 Qc7 $146 (9... Nc6 10. Ne3 Ne7 11. O-O Rc8 12. Bf3 g6 13. Qd3 Bg7 14. Rd1 Rc6 15. b3 Qc8 {1-0 (48) Vachier Lagrave,M (2789)-Korobov,A (2652) Riadh 2017}) 10. Ne3 {White is slightly better.} Nbd7 11. a4 Rc8 12. O-O Be7 13. Ncd5 Bxd5 14. exd5 g6 15. a5 O-O 16. c4 Kh7 17. b4 Ng8 18. Nc2 Bg5 19. f4 Bxf4 20. Bxf4 exf4 21. Rxf4 Rce8 22. Qd2 Qd8 23. Raf1 Qe7 24. Nd4 Ngf6 25. Kh1 (25. Bd1 $16) 25... Kg7 (25... Qe3 $1 $11 26. Qxe3 Rxe3) 26. Qc1 Qe3 $2 {[%mdl 8192] [#]} (26... Kg8 $11 {and Black has nothing to worry.}) 27. Ne6+ $1 $18 {[%mdl 512]} Rxe6 (27... fxe6 28. Qxe3) 28. dxe6 Qxe2 (28... Qxe6 {keeps fighting.} 29. Bf3 d5) 29. exd7 Nxd7 30. Qc3+ Kg8 (30... f6 $142 31. Re1 Qa2) 31. Qh3 Ne5 32. Qxh6 Nd3 33. Rf6 {Threatening mate with Rxg6+!} Ne5 34. Qf4 Qxc4 $2 {[#]} (34... Rc8 35. Rxd6 Qxc4 36. Qxc4 Rxc4 37. Rd8+ Kg7) 35. Rxg6+ $1 {[%mdl 512]} fxg6 (35... Nxg6 36. Qxc4) 36. Qf5 $4 {[%mdl 8192]} (36. Qxf8+ $18 Kh7 37. h3) 36... Kh7 $4 {[%mdl 8192]} (36... Qxf1+ {and all is fine.} 37. Qxf1 Rxf1#) 37. Qxf8 Qxb4 {Accuracy: White = 72%, Black = 27%.} 1-0